000 00646nam a2200241 a 4500
001 BRL_165
005 20190320210621.0
008 740513s1962 nyua#####b---#000-0#eng-#
040 _aDLC
_cOOxM
_dOCoLC
041 _aeng
044 _anyu
050 4 _aN5310
_b.F73 1962
100 1 _aFraser, Douglas
_d1929-1982
_923088
245 1 0 _aPrimitive art
_cDouglas Fraser.
260 _aNueva York
_bDoubleday
_c1962
300 _a320 p.
_bil. (algunas a color)
_c22 cm.
440 0 _aThe Arts of man series
_923089
500 _aAu215
504 _aBibliografía: p. 313-316
650 1 4 _aArte primitivo
_97001
902 _aGRL
942 _2lcc
_cB
999 _c8978
_d8978